[Event "Madrid ch 2009/10 Semifinal B"]
[Site "Madrid ESP"]
[Date "2010.01.22"]
[Round "6.9"]
[White "Cabanas Bravo, Juan Andres"]
[Black "Gomez Gonzalez, Javier"]
[Result "1/2-1/2"]
[WhiteElo "2059"]
[BlackElo "2041"]
[PlyCount "40"]
[EventDate "2010.01.08"]
[EventType "swiss"]
[EventRounds "9"]
[EventCountry "ESP"]
[Source "lmi"]
[SourceDate "2010.01.08"]

1. e4 d6 2. d4 Nf6 3. Nc3 g6 4. f4 Bg7 5. Nf3 O-O 6. Bd3 a6 7. O-O b5 8. e5 Ne8
9. Ne4 c5 10. c3 cxd4 11. cxd4 Bg4 12. a4 Nc6 13. Be3 dxe5 14. dxe5 Nb4 15. Nc5
Nxd3 16. Nxd3 Nc7 17. Bb6 Qb8 18. Bc5 Ne6 19. b4 Qb7 20. Qb3 Rfd8 1/2-1/2

[Event "Madrid ch 2009/10 Semifinal B"]
[Site "Madrid ESP"]
[Date "2010.01.22"]
[Round "6.11"]
[White "Martinez De Miguel, Pedro"]
[Black "Madurga Lopez, Ignacio"]
[Result "0-1"]
[WhiteElo "2144"]
[BlackElo "1913"]
[PlyCount "188"]
[EventDate "2010.01.08"]
[EventType "swiss"]
[EventRounds "9"]
[EventCountry "ESP"]
[Source "lmi"]
[SourceDate "2010.01.08"]

1. e4 c5 2. Nf3 d6 3. d4 cxd4 4. Nxd4 Nf6 5. Nc3 a6 6. Bc4 e6 7. Bb3 Nbd7 8.
O-O Nc5 9. Re1 Qc7 10. Qf3 Be7 11. a4 Nxb3 12. Nxb3 b6 13. Be3 Rb8 14. Qg3 O-O
15. Nd4 Bb7 16. Bh6 Ne8 17. Rad1 Kh8 18. Bc1 Bf6 19. f4 Qc5 20. e5 dxe5 21.
fxe5 Be7 22. Kh1 g6 23. Be3 Qb4 24. Nb3 Bh4 25. Qh3 Bxe1 26. Rxe1 Be4 27. Qg4
f5 28. exf6 Nxf6 29. Qf4 e5 30. Qxe5 Rbe8 31. Qd4 Qxd4 32. Nxd4 Ng4 33. Nd1
Nxe3 34. Nxe3 Bb7 35. Kg1 Re4 36. c3 a5 37. h3 h5 38. Nf3 Rxa4 39. Nd4 Re8 40.
Kf2 Ra2 41. Re2 Ba6 42. Rd2 a4 43. Nf3 Rf8 44. Ke1 Re8 45. Kf2 Rf8 46. Ke1 Ra1+
47. Kf2 a3 48. bxa3 Rxa3 49. Rd6 Rxc3 50. Rxb6 Bd3 51. Re6 Ra3 52. Kg3 Kg7 53.
Re7+ Rf7 54. Re6 Be2 55. Ng5 Rd7 56. Kf2 Rd2 57. Nf5+ gxf5 58. Rxe2 Rxe2+ 59.
Kxe2 Ra2+ 60. Kf3 Kf6 61. h4 Ra4 62. g3 Rg4 63. Nh3 Ke5 64. Nf2 Rd4 65. Ke3
Re4+ 66. Kf3 Kd4 67. Nh3 Ke5 68. Nf2 Rd4 69. Ke3 Rd8 70. Nh3 Rd4 71. Nf2 Rd7
72. Nh3 Ra7 73. Nf4 Ra3+ 74. Kf2 Ke4 75. Kg2 Ra2+ 76. Kh3 Kf3 77. Nxh5 Rg2 78.
Nf6 Rxg3+ 79. Kh2 Rg2+ 80. Kh3 Rg3+ 81. Kh2 Rg6 82. Nd7 Ke4 83. Kh3 Rd6 84. Nf8
Rh6 85. Nd7 Kd5 86. Kg3 Kd6 87. Nb6 Ke5 88. Nc4+ Ke4 89. Nd2+ Ke3 90. Nc4+ Kd4
91. Nd2 Kd3 92. Nf3 Ke3 93. Ng5 Rg6 94. Kh3 f4 0-1

[Event "Madrid ch 2009/10 Semifinal B"]
[Site "Madrid ESP"]
[Date "2010.01.22"]
[Round "6.12"]
[White "Tome Vazquez, Oscar"]
[Black "Argente Rodriguez, Juan Jose"]
[Result "1/2-1/2"]
[WhiteElo "2022"]
[BlackElo "2128"]
[PlyCount "41"]
[EventDate "2010.01.08"]
[EventType "swiss"]
[EventRounds "9"]
[EventCountry "ESP"]
[Source "lmi"]
[SourceDate "2010.01.08"]

1. d4 Nf6 2. c4 e6 3. Nc3 Bb4 4. e3 O-O 5. Bd3 d5 6. Nf3 c5 7. O-O Nc6 8. Re1
b6 9. cxd5 exd5 10. h3 h6 11. a3 Ba5 12. Bd2 Be6 13. Ne5 Nxe5 14. dxe5 Bxc3 15.
Bxc3 Ne4 16. Bxe4 dxe4 17. Qa4 Qg5 18. Qxe4 Bxh3 19. Rad1 Bf5 20. Qf4 Rad8 21.
Qxg5 1/2-1/2

[Event "Madrid ch 2009/10 Semifinal B"]
[Site "Madrid ESP"]
[Date "2010.01.22"]
[Round "6.13"]
[White "Sanchez Millan, Eduardo"]
[Black "Martin Duque, Jesus"]
[Result "0-1"]
[WhiteElo "1978"]
[BlackElo "2060"]
[PlyCount "78"]
[EventDate "2010.01.08"]
[EventType "swiss"]
[EventRounds "9"]
[EventCountry "ESP"]
[Source "lmi"]
[SourceDate "2010.01.08"]

1. d4 Nf6 2. c4 e6 3. Nc3 Bb4 4. Qc2 O-O 5. Bg5 c5 6. e3 h6 7. h4 d5 8. O-O-O
Bxc3 9. bxc3 hxg5 10. hxg5 Ne4 11. f3 Nxg5 12. g4 Qf6 13. f4 Ne4 14. Nf3 g6 15.
g5 Qg7 16. Bd3 Bd7 17. Ne5 Ba4 18. Qxa4 Nxc3 19. Qc2 Nxd1 20. Ng4 Nxe3 21. Nxe3
Nd7 22. Ng4 Rfc8 23. Qh2 cxd4 24. f5 gxf5 25. Nh6+ Kf8 26. Qd6+ Ke8 27. Nxf7
Qxf7 28. Rh8+ Nf8 29. g6 Qe7 30. Qe5 dxc4 31. Kd1 Rc5 32. Qg3 Qg7 33. Bc2 Qxh8
34. Ba4+ Ke7 35. g7 Qh1+ 36. Kc2 Qe4+ 37. Kc1 Nh7 38. g8=Q Rxg8 39. Qxg8 Qe1+
0-1

[Event "Madrid ch 2009/10 Semifinal B"]
[Site "Madrid ESP"]
[Date "2010.01.22"]
[Round "6.14"]
[White "Garcia Serrano, Jose Manuel"]
[Black "Mansilla Tolosa, Luis"]
[Result "0-1"]
[WhiteElo "1921"]
[BlackElo "2109"]
[PlyCount "84"]
[EventDate "2010.01.08"]
[EventType "swiss"]
[EventRounds "9"]
[EventCountry "ESP"]
[Source "lmi"]
[SourceDate "2010.01.08"]

1. e4 c5 2. d4 cxd4 3. c3 dxc3 4. Nxc3 e6 5. Nf3 a6 6. Bc4 b5 7. Bb3 Bb7 8. Qe2
Ne7 9. Bg5 Qc7 10. O-O Ng6 11. Rac1 Qb6 12. Rfd1 Be7 13. Be3 Qd8 14. Nd4 O-O
15. f4 e5 16. fxe5 Nxe5 17. Nf5 Bg5 18. Nd5 Bxe3+ 19. Qxe3 Nbc6 20. Qg3 Ng6 21.
h4 h5 22. Nc7 Nce5 23. Nxa8 Bxe4 24. Nd6 Qxa8 25. Nxe4 Qxe4 26. Re1 Qd4+ 27.
Kh1 Nd3 28. Qxg6 Qxh4+ 29. Kg1 Qf2+ 30. Kh2 Nxe1 31. Rc3 Qxb2 32. Re3 Qxb3 33.
Qg3 Qxa2 34. Qxe1 Qc4 35. Re4 Qc7+ 36. Kh1 a5 37. Qe2 Qc6 38. Re5 g6 39. Rxb5
a4 40. Re5 a3 41. Re3 a2 42. Qb2 Ra8 0-1

[Event "Madrid ch 2009/10 Semifinal B"]
[Site "Madrid ESP"]
[Date "2010.01.22"]
[Round "6.15"]
[White "Navas Jimenez, Julian"]
[Black "Tirado Parra, Alberto"]
[Result "1-0"]
[WhiteElo "1962"]
[BlackElo "1957"]
[PlyCount "63"]
[EventDate "2010.01.08"]
[EventType "swiss"]
[EventRounds "9"]
[EventCountry "ESP"]
[Source "lmi"]
[SourceDate "2010.01.08"]

1. d4 Nf6 2. c4 e6 3. Nc3 b6 4. e4 Bb4 5. Qc2 Bb7 6. Bd3 Bxc3+ 7. bxc3 d6 8. f4
Nbd7 9. Nf3 h6 10. O-O O-O 11. e5 Ne8 12. Ba3 c5 13. Qf2 Rc8 14. Rac1 Qc7 15.
Qg3 g6 16. Bxg6 fxg6 17. Qxg6+ Ng7 18. Qxh6 Qc6 19. Rf2 Rf5 20. Ng5 Nf8 21.
Rcc2 Qe8 22. Bc1 Qg6 23. Qxg6 Nxg6 24. g4 Rff8 25. exd6 Rfd8 26. f5 exf5 27.
gxf5 Nf8 28. d5 Rxd6 29. Ne4 Rdd8 30. f6 Nh5 31. Rf5 Nxf6 32. Rg2+ 1-0

[Event "Madrid ch 2009/10 Semifinal B"]
[Site "Madrid ESP"]
[Date "2010.01.22"]
[Round "6.16"]
[White "Morona Minguez, Irene"]
[Black "Rodriguez Vignote, Javier"]
[Result "0-1"]
[WhiteElo "1867"]
[BlackElo "1891"]
[PlyCount "72"]
[EventDate "2010.01.08"]
[EventType "swiss"]
[EventRounds "9"]
[EventCountry "ESP"]
[Source "lmi"]
[SourceDate "2010.01.08"]

1. e4 e6 2. d4 d5 3. Nc3 Nf6 4. e5 Nfd7 5. f4 c5 6. Nf3 Nc6 7. Be3 cxd4 8. Nxd4
Bc5 9. Qd2 O-O 10. O-O-O a6 11. Nb3 Be7 12. g4 b5 13. h4 Bb7 14. Rh3 Qc7 15. h5
b4 16. Na4 Na5 17. Qf2 Nxb3+ 18. axb3 Rfc8 19. Bd3 Bc6 20. Kb1 Bb5 21. g5 Qc6
22. g6 fxg6 23. hxg6 Bxd3 24. Rxd3 h6 25. Qh2 Rab8 26. Rd2 Nf8 27. Rg2 d4 28.
Bxd4 Qe4 29. Be3 Rd8 30. Rg1 Qf5 31. Rh5 Qe4 32. Qh3 Rbc8 33. Rg2 Rd1+ 34. Ka2
Rxc2 35. Nc3 bxc3 36. b4 Qc4+ 0-1

[Event "Madrid ch 2009/10 Semifinal B"]
[Site "Madrid ESP"]
[Date "2010.01.23"]
[Round "7.1"]
[White "Serrano Salvador, Eduardo"]
[Black "Ramirez Garcia, Jorge Alberto"]
[Result "1/2-1/2"]
[WhiteElo "2324"]
[BlackElo "2176"]
[PlyCount "25"]
[EventDate "2010.01.08"]
[EventType "swiss"]
[EventRounds "9"]
[EventCountry "ESP"]
[Source "lmi"]
[SourceDate "2010.01.08"]

1. d4 e6 2. c4 Nf6 3. Nf3 d5 4. Nc3 Bb4 5. Qa4+ Nc6 6. e3 O-O 7. Bd2 dxc4 8.
Bxc4 Bd6 9. a3 e5 10. dxe5 Nxe5 11. Nxe5 Bxe5 12. h3 a6 13. Qc2 1/2-1/2

[Event "Madrid ch 2009/10 Semifinal B"]
[Site "Madrid ESP"]
[Date "2010.01.23"]
[Round "7.2"]
[White "Gemy, Jose Daniel"]
[Black "Alcazar Jimenez, Jesus Alberto"]
[Result "1/2-1/2"]
[WhiteElo "2214"]
[BlackElo "2249"]
[PlyCount "92"]
[EventDate "2010.01.08"]
[EventType "swiss"]
[EventRounds "9"]
[EventCountry "ESP"]
[Source "lmi"]
[SourceDate "2010.01.08"]

1. c4 e5 2. Nc3 Nf6 3. e3 Bb4 4. g4 Bxc3 5. dxc3 h6 6. Bg2 d6 7. h3 Nc6 8. Ne2
Be6 9. b3 Qd7 10. f4 g6 11. Bb2 O-O-O 12. Qd2 d5 13. cxd5 Bxd5 14. Bxd5 Nxd5
15. O-O-O Qe7 16. fxe5 Nxe5 17. e4 Nb4 18. Qe3 Qg5 19. Qxg5 Nbd3+ 20. Kc2 hxg5
21. Ba1 Nf2 22. Rxd8+ Rxd8 23. Rf1 Nxh3 24. c4 Re8 25. Bxe5 Rxe5 26. Kd3 Re7
27. Rf3 Nf4+ 28. Nxf4 gxf4 29. Rxf4 Rd7+ 30. Ke3 Kd8 31. e5 c5 32. e6 fxe6 33.
Rf6 Rd1 34. Rxg6 Ra1 35. Rg7 Kc8 36. Rg8+ Kc7 37. Rg7+ Kc6 38. Re7 Rxa2 39.
Rxe6+ Kd7 40. Re5 Ra3 41. Rd5+ Ke6 42. Rxc5 Rxb3+ 43. Ke4 Rg3 44. g5 b6 45. Rc7
Rxg5 46. Rxa7 Kd6 1/2-1/2

[Event "Madrid ch 2009/10 Semifinal B"]
[Site "Madrid ESP"]
[Date "2010.01.23"]
[Round "7.3"]
[White "Montanes Arribas, Adrian"]
[Black "Elissalt Cardenas, Hector"]
[Result "0-1"]
[WhiteElo "2158"]
[BlackElo "2358"]
[PlyCount "64"]
[EventDate "2010.01.08"]
[EventType "swiss"]
[EventRounds "9"]
[EventCountry "ESP"]
[Source "lmi"]
[SourceDate "2010.01.08"]

1. e4 g6 2. d4 Bg7 3. Nc3 d6 4. Be3 a6 5. Qd2 Nd7 6. Nf3 b5 7. Bd3 Bb7 8. a4 c6
9. axb5 cxb5 10. d5 Ngf6 11. Bh6 O-O 12. h4 e6 13. Bxg7 Kxg7 14. dxe6 fxe6 15.
Ng5 Qe7 16. f3 Rac8 17. O-O-O h6 18. Nh3 Nc5 19. Kb1 b4 20. Ne2 b3 21. c3 Qc7
22. Nc1 Rcd8 23. g4 Nfd7 24. Be2 Ne5 25. Qe3 Nxf3 26. Nf4 Qf7 27. Ncd3 Bxe4 28.
Bxf3 Qxf4 29. Qxe4 Qxe4 30. Bxe4 Nxe4 31. Rhe1 d5 32. Nc1 Nc5 0-1

[Event "Madrid ch 2009/10 Semifinal B"]
[Site "Madrid ESP"]
[Date "2010.01.23"]
[Round "7.4"]
[White "Vazquez Torres, Adrian"]
[Black "Perez de Aranda A., Leonardo I"]
[Result "0-1"]
[WhiteElo "2139"]
[BlackElo "2216"]
[PlyCount "66"]
[EventDate "2010.01.08"]
[EventType "swiss"]
[EventRounds "9"]
[EventCountry "ESP"]
[Source "lmi"]
[SourceDate "2010.01.08"]

1. e4 c5 2. Nf3 d6 3. d4 cxd4 4. Nxd4 Nf6 5. Nc3 a6 6. Bc4 e6 7. O-O Be7 8. Bb3
O-O 9. f4 Nbd7 10. Qf3 Nc5 11. Be3 Qc7 12. f5 e5 13. Nde2 Nxb3 14. axb3 b5 15.
g4 h6 16. g5 hxg5 17. Bxg5 Bb7 18. Ng3 Rfc8 19. Bxf6 Bxf6 20. Nh5 b4 21. Nd5
Bxd5 22. exd5 Qa7+ 23. Kh1 Rxc2 24. Qg4 Kf8 25. Qxb4 Qc5 26. Qe4 Rb8 27. Rxa6
Rb4 28. Nxf6 gxf6 29. Ra8+ Ke7 30. Ra7+ Kd8 31. Qd3 Rd4 32. Ra8+ Ke7 33. Qf3
Rf4 0-1

[Event "Madrid ch 2009/10 Semifinal B"]
[Site "Madrid ESP"]
[Date "2010.01.23"]
[Round "7.5"]
[White "Suarez Uriel, Adrian"]
[Black "Baigorri Navarro, Fco. Javier"]
[Result "1/2-1/2"]
[WhiteElo "2137"]
[BlackElo "2175"]
[PlyCount "90"]
[EventDate "2010.01.08"]
[EventType "swiss"]
[EventRounds "9"]
[EventCountry "ESP"]
[Source "lmi"]
[SourceDate "2010.01.08"]

1. e4 e6 2. d4 d5 3. Nc3 Nf6 4. e5 Nfd7 5. f4 c5 6. Nf3 Nc6 7. Be3 a6 8. Qd2 b5
9. a3 Bb7 10. Ne2 b4 11. axb4 cxb4 12. Ng3 g6 13. Bd3 h5 14. Ng5 Qb6 15. Ne2
Ne7 16. O-O Nf5 17. Bf2 Qc6 18. h3 Be7 19. Nf3 Nb6 20. b3 a5 21. c3 Kf8 22.
Rfc1 Qd7 23. cxb4 axb4 24. Ne1 Kg7 25. Nc2 Rxa1 26. Rxa1 Rc8 27. Nxb4 Nc4 28.
Qe1 Nb2 29. Qd2 Nc4 30. bxc4 dxc4 31. Bxf5 c3 32. Qc2 gxf5 33. Nd3 Qd5 34. Ne1
Kh7 35. Kh2 Rg8 36. Bg3 h4 37. Qxc3 hxg3+ 38. Kh1 Qe4 39. Qf3 Bb4 40. Qh5+ Kg7
41. Qg5+ Kf8 42. Qd8+ Kg7 43. Qg5+ Kf8 44. Qd8+ Kg7 45. Qf6+ Kf8 1/2-1/2

[Event "Madrid ch 2009/10 Semifinal B"]
[Site "Madrid ESP"]
[Date "2010.01.23"]
[Round "7.6"]
[White "Nieto de la Cruz, Julio"]
[Black "Cardena Contreras, Javier"]
[Result "1-0"]
[WhiteElo "2131"]
[BlackElo "1899"]
[PlyCount "109"]
[EventDate "2010.01.08"]
[EventType "swiss"]
[EventRounds "9"]
[EventCountry "ESP"]
[Source "lmi"]
[SourceDate "2010.01.08"]

1. d4 d5 2. c4 Nc6 3. cxd5 Qxd5 4. e3 e5 5. Nc3 Bb4 6. Bd2 Bxc3 7. bxc3 Nf6 8.
Nf3 Bg4 9. h3 Bxf3 10. gxf3 exd4 11. cxd4 O-O 12. Bg2 Rfe8 13. O-O Ne7 14. Qc2
c6 15. Rab1 Qd7 16. Rb3 Ng6 17. Rfb1 Rab8 18. Kh2 Nd5 19. Qc5 b6 20. Qc2 Qd6+
21. f4 Nh4 22. Be4 Nf6 23. Bh1 Nd5 24. Be4 Nf6 25. Bh1 Nd5 26. Rg1 Ng6 27. Rg3
Rbc8 28. f5 Nf8 29. Qd3 f6 30. Qc4 Kh8 31. e4 b5 32. Qd3 Nb6 33. f4 Nc4 34. e5
Qe7 35. Bb4 Qc7 36. Rb1 a5 37. Be1 Rcd8 38. Qc3 a4 39. Bf2 Qd7 40. Be4 Rc8 41.
Rbg1 Re7 42. exf6 Rf7 43. fxg7+ Kg8 44. gxf8=Q+ Kxf8 45. f6 Rxf6 46. Rg8+ Ke7
47. Bh4 Rxg8 48. Bxf6+ Kf7 49. Rxg8 Kxg8 50. Qg3+ Kf8 51. Bxc6 Qf7 52. Qh4 h5
53. Qg5 Nd6 54. Qh6+ Kg8 55. Qh8# 1-0

[Event "Madrid ch 2009/10 Semifinal B"]
[Site "Madrid ESP"]
[Date "2010.01.23"]
[Round "7.7"]
[White "Garcia Salamero, Gabriel"]
[Black "Prieto Honorato, Juan Maria"]
[Result "1/2-1/2"]
[WhiteElo "2155"]
[BlackElo "2098"]
[PlyCount "77"]
[EventDate "2010.01.08"]
[EventType "swiss"]
[EventRounds "9"]
[EventCountry "ESP"]
[Source "lmi"]
[SourceDate "2010.01.08"]

1. e4 g6 2. d4 Bg7 3. Nf3 c6 4. h3 b6 5. Nc3 Nf6 6. Be3 O-O 7. Qd2 d6 8. Bh6 b5
9. Bxg7 Kxg7 10. Bd3 Qc7 11. Ne2 e5 12. c3 Nbd7 13. g4 d5 14. Nxe5 dxe4 15.
Nxd7 Bxd7 16. g5 exd3 17. gxf6+ Kxf6 18. Qxd3 Kg7 19. Rg1 Rae8 20. O-O-O Qa5
21. a3 Kh8 22. Ng3 Be6 23. Qf3 f5 24. Qxc6 f4 25. Ne4 b4 26. axb4 Qa1+ 27. Kc2
Qa2 28. d5 Bf5 29. f3 Rxe4 30. fxe4 Bxe4+ 31. Rd3 f3 32. Qe6 Bxd3+ 33. Kxd3 Rf4
34. Qe8+ Kg7 35. Qe7+ Kh6 36. Rg4 Qxd5+ 37. Kc2 Rf7 38. Qe3+ Kh5 39. Rf4
1/2-1/2

[Event "Madrid ch 2009/10 Semifinal B"]
[Site "Madrid ESP"]
[Date "2010.01.23"]
[Round "7.8"]
[White "Gomez Gonzalez, Javier"]
[Black "Fernandez Lledo, Javier"]
[Result "0-1"]
[WhiteElo "2041"]
[BlackElo "2064"]
[PlyCount "92"]
[EventDate "2010.01.08"]
[EventType "swiss"]
[EventRounds "9"]
[EventCountry "ESP"]
[Source "lmi"]
[SourceDate "2010.01.08"]

1. e4 c5 2. Nf3 Nc6 3. d4 cxd4 4. Nxd4 Nf6 5. Nc3 d6 6. Be2 e5 7. Nb3 Be7 8. g4
h6 9. Be3 a5 10. a4 Be6 11. Nd5 Rc8 12. Bb6 Qd7 13. f3 Bd8 14. Be3 O-O 15. c3
Bxd5 16. exd5 Ne7 17. c4 Ng6 18. h4 Nh7 19. h5 Nf4 20. Bxf4 exf4 21. Nd4 Re8
22. Kf1 Bf6 23. Qd2 Qc7 24. Nb5 Qc5 25. Re1 Re3 26. Kg2 Ng5 27. Nc3 Qb4 28. Bd1
Rxc3 29. bxc3 Bxc3 30. Qe2 Bxe1 31. Rxe1 Qxc4 32. Qxc4 Rxc4 33. Re8+ Kh7 34.
Rd8 Rd4 35. Bc2+ g6 36. hxg6+ Kg7 37. Bf5 Rd2+ 38. Kf1 Rxd5 39. Rd7 Kf6 40.
gxf7 Nxf7 41. Rxb7 Ng5 42. Kf2 Rd2+ 43. Kf1 Rd4 44. Bd7 Nxf3 45. Rb5 Ne5 46.
Be8 Ke7 0-1

[Event "Madrid ch 2009/10 Semifinal B"]
[Site "Madrid ESP"]
[Date "2010.01.23"]
[Round "7.9"]
[White "Martin Duque, Jesus"]
[Black "Cerrato Torrijos, Maria"]
[Result "1/2-1/2"]
[WhiteElo "2060"]
[BlackElo "2012"]
[PlyCount "84"]
[EventDate "2010.01.08"]
[EventType "swiss"]
[EventRounds "9"]
[EventCountry "ESP"]
[Source "lmi"]
[SourceDate "2010.01.08"]

1. e4 c5 2. Nf3 d6 3. d4 cxd4 4. Nxd4 Nf6 5. Nc3 Nc6 6. f4 Bg4 7. Qd3 e5 8.
Nxc6 bxc6 9. f5 Nd7 10. h3 Bh5 11. Be3 f6 12. g4 Bf7 13. h4 Be7 14. Qd2 Rb8 15.
b3 Qa5 16. Na4 Qxd2+ 17. Kxd2 Nb6 18. Nxb6 axb6 19. c4 O-O 20. Bg2 b5 21. Kc3
bxc4 22. bxc4 d5 23. exd5 cxd5 24. Bxd5 Bxd5 25. cxd5 Rfc8+ 26. Kd3 Rd8 27.
Rhd1 Rxd5+ 28. Ke4 Ra5 29. Rd7 Ra4+ 30. Kf3 Bf8 31. g5 Rxh4 32. gxf6 Rh3+ 33.
Ke2 Rb2+ 34. Kd3 e4+ 35. Kxe4 Re2 36. f7+ Kh8 37. Rd8 Rexe3+ 38. Kf4 g5+ 39.
fxg6 Kg7 40. gxh7 Rhf3+ 41. Kg4 Rg3+ 42. Kf4 Rgf3+ 1/2-1/2

[Event "Madrid ch 2009/10 Semifinal B"]
[Site "Madrid ESP"]
[Date "2010.01.23"]
[Round "7.10"]
[White "Madurga Lopez, Ignacio"]
[Black "Cabanas Bravo, Juan Andres"]
[Result "0-1"]
[WhiteElo "1913"]
[BlackElo "2059"]
[PlyCount "80"]
[EventDate "2010.01.08"]
[EventType "swiss"]
[EventRounds "9"]
[EventCountry "ESP"]
[Source "lmi"]
[SourceDate "2010.01.08"]

1. e4 e5 2. Nf3 Nc6 3. Bc4 Bc5 4. c3 Nf6 5. d3 a6 6. Bb3 Ba7 7. O-O d6 8. Nbd2
Ne7 9. h3 Ng6 10. Re1 Nf4 11. Nf1 N6h5 12. d4 Qf6 13. Ng3 O-O 14. Nxh5 Nxh5 15.
Nxe5 dxe5 16. Qxh5 exd4 17. e5 Qf5 18. Qxf5 Bxf5 19. Bg5 h6 20. Bh4 g5 21. Bg3
Be6 22. Rad1 Rad8 23. Rd3 Rd7 24. Bxe6 fxe6 25. c4 b5 26. Rc1 c5 27. f3 Rb7 28.
Ra3 bxc4 29. Rxa6 Rff7 30. Rxc4 Rxb2 31. Rxe6 d3 32. Rd6 Rc2 33. Re4 c4+ 34.
Kh2 d2 35. e6 Re7 36. Be5 Bc5 37. Rd8+ Kh7 38. Rh8+ Kg6 39. Rg8+ Kf5 40. g4+
Kxe6 0-1

[Event "Madrid ch 2009/10 Semifinal B"]
[Site "Madrid ESP"]
[Date "2010.01.23"]
[Round "7.11"]
[White "Argente Rodriguez, Juan Jose"]
[Black "Navas Jimenez, Julian"]
[Result "1-0"]
[WhiteElo "2128"]
[BlackElo "1962"]
[PlyCount "71"]
[EventDate "2010.01.08"]
[EventType "swiss"]
[EventRounds "9"]
[EventCountry "ESP"]
[Source "lmi"]
[SourceDate "2010.01.08"]

1. Nf3 c5 2. c4 Nc6 3. Nc3 e5 4. g3 g6 5. Bg2 Bg7 6. a3 Nge7 7. O-O O-O 8. e4
d6 9. d3 a6 10. Rb1 Rb8 11. b4 cxb4 12. axb4 b5 13. cxb5 axb5 14. Bg5 h6 15.
Be3 Nd4 16. Qd2 Kh7 17. Ne1 Be6 18. f4 f5 19. Nf3 Nec6 20. Rfe1 Nxf3+ 21. Bxf3
Nd4 22. Bg2 Qd7 23. Nd5 Bxd5 24. exd5 Rbc8 25. Bxd4 exd4 26. Re6 Rc3 27. Qe2
Rf7 28. g4 Qc7 29. Re1 Rc2 30. Qf3 Bf6 31. gxf5 gxf5 32. Bh3 Rg7+ 33. Kh1 Rc1
34. Bxf5+ Kg8 35. Re8+ Kf7 36. Qh5+ 1-0

[Event "Madrid ch 2009/10 Semifinal B"]
[Site "Madrid ESP"]
[Date "2010.01.23"]
[Round "7.12"]
[White "Mansilla Tolosa, Luis"]
[Black "Tome Vazquez, Oscar"]
[Result "1/2-1/2"]
[WhiteElo "2109"]
[BlackElo "2022"]
[PlyCount "78"]
[EventDate "2010.01.08"]
[EventType "swiss"]
[EventRounds "9"]
[EventCountry "ESP"]
[Source "lmi"]
[SourceDate "2010.01.08"]

1. d4 g6 2. e4 Bg7 3. Bc4 e6 4. Nf3 d6 5. O-O a6 6. Bg5 Ne7 7. Nc3 Nd7 8. Qd2
h6 9. Be3 b6 10. a4 Bb7 11. Rad1 Nf6 12. Qd3 g5 13. e5 Ng4 14. exd6 cxd6 15.
Qe2 Nf6 16. Nd2 Nfd5 17. Nxd5 Nxd5 18. c3 f5 19. f4 g4 20. Rfe1 O-O 21. Nf1 Qf6
22. Qc2 Rab8 23. Bc1 Kh8 24. Qe2 Nc7 25. Ng3 Qg6 26. Bd3 h5 27. Nf1 Rbe8 28.
Qc2 Nd5 29. Re2 h4 30. Rde1 Bh6 31. g3 Bg7 32. Ne3 Nxe3 33. Bxe3 e5 34. dxe5
dxe5 35. fxe5 Qc6 36. Bf4 Qh1+ 37. Kf2 Qf3+ 38. Kg1 Qh1+ 39. Kf2 Qf3+ 1/2-1/2

[Event "Madrid ch 2009/10 Semifinal B"]
[Site "Madrid ESP"]
[Date "2010.01.23"]
[Round "7.13"]
[White "Martinez De Miguel, Pedro"]
[Black "Vukotic Jovsic, Dragan"]
[Result "1-0"]
[WhiteElo "2144"]
[BlackElo "1984"]
[PlyCount "67"]
[EventDate "2010.01.08"]
[EventType "swiss"]
[EventRounds "9"]
[EventCountry "ESP"]
[Source "lmi"]
[SourceDate "2010.01.08"]

1. e4 e6 2. d4 d5 3. Nc3 Nf6 4. Bg5 Bb4 5. e5 h6 6. Bd2 Bxc3 7. Bxc3 Ne4 8. Bd3
Nxc3 9. bxc3 c5 10. Nf3 c4 11. Be2 Qa5 12. Qd2 Bd7 13. O-O O-O 14. Nh4 Nc6 15.
f4 f5 16. exf6 Rxf6 17. Bg4 Raf8 18. g3 b5 19. Nf3 b4 20. cxb4 Qxb4 21. c3 Qa3
22. Rab1 Rb8 23. Rxb8+ Nxb8 24. Ne5 Qd6 25. Rb1 Bc8 26. Qb2 Nd7 27. Qb5 Rf8 28.
Qb4 Qa6 29. Ng6 Re8 30. Ne7+ Kh8 31. Bh5 Rd8 32. Ng6+ Kh7 33. Qe7 Qxa2 34. Qxd8
1-0

[Event "Madrid ch 2009/10 Semifinal B"]
[Site "Madrid ESP"]
[Date "2010.01.23"]
[Round "7.14"]
[White "Rodriguez Vignote, Javier"]
[Black "Garcia Serrano, Jose Manuel"]
[Result "1/2-1/2"]
[WhiteElo "1891"]
[BlackElo "1921"]
[PlyCount "63"]
[EventDate "2010.01.08"]
[EventType "swiss"]
[EventRounds "9"]
[EventCountry "ESP"]
[Source "lmi"]
[SourceDate "2010.01.08"]

1. d4 d5 2. c4 Nc6 3. e3 e5 4. dxe5 dxc4 5. Qxd8+ Kxd8 6. Bxc4 Nxe5 7. Be2 Bf5
8. Nd2 Nf6 9. Ngf3 Nc6 10. a3 a5 11. Nb3 Bd6 12. O-O Ke7 13. Nbd4 Be4 14. Bd2
Rhd8 15. Rac1 h6 16. Rfd1 Nxd4 17. exd4 c6 18. Ne5 Ne8 19. Bc3 f6 20. Nc4 Bc7
21. Ne3 Bf4 22. g3 Bxe3 23. fxe3 Kf8 24. Kf2 Nc7 25. Bf3 f5 26. b3 Bxf3 27.
Kxf3 Nd5 28. Bb2 Re8 29. Re1 g5 30. h3 Re4 31. Rc2 Rae8 32. Rce2 1/2-1/2

[Event "Madrid ch 2009/10 Semifinal B"]
[Site "Madrid ESP"]
[Date "2010.01.23"]
[Round "7.15"]
[White "Tirado Parra, Alberto"]
[Black "Sanchez Millan, Eduardo"]
[Result "0-1"]
[WhiteElo "1957"]
[BlackElo "1978"]
[PlyCount "42"]
[EventDate "2010.01.08"]
[EventType "swiss"]
[EventRounds "9"]
[EventCountry "ESP"]
[Source "lmi"]
[SourceDate "2010.01.08"]

1. e4 c5 2. Nf3 d6 3. d4 cxd4 4. Nxd4 Nf6 5. Nc3 a6 6. f4 Qc7 7. Be3 b5 8. Bd3
Bb7 9. Qf3 Nbd7 10. a3 g6 11. O-O Bg7 12. g4 e5 13. Nb3 exf4 14. Qxf4 O-O 15.
Qg5 h6 16. Qh4 g5 17. Qg3 Rae8 18. Qf3 Ne5 19. Qg3 Nfxg4 20. Nd4 Nxe3 21. Qxe3
Ng4 0-1

[Event "Madrid ch 2009/10 Semifinal B"]
[Site "Madrid ESP"]
[Date "2010.01.29"]
[Round "8.1"]
[White "Alcazar Jimenez, Jesus Alberto"]
[Black "Ramirez Garcia, Jorge Alberto"]
[Result "1-0"]
[WhiteElo "2249"]
[BlackElo "2176"]
[PlyCount "120"]
[EventDate "2010.01.08"]
[EventType "swiss"]
[EventRounds "9"]
[EventCountry "ESP"]
[Source "lmi"]
[SourceDate "2010.01.08"]

1. e4 e6 2. d4 d5 3. exd5 exd5 4. Nf3 Bg4 5. h3 Bh5 6. c4 Bb4+ 7. Nc3 Nc6 8. a3
Bxc3+ 9. bxc3 Nge7 10. Rb1 Rb8 11. Be2 O-O 12. Bg5 f6 13. Bd2 Bf7 14. cxd5 Nxd5
15. c4 Nb6 16. d5 Ne7 17. Bf4 Re8 18. O-O Ng6 19. Bg3 Ne5 20. Nxe5 fxe5 21. Qb3
c6 22. dxc6 bxc6 23. Rfd1 Qe7 24. Qb4 Qxb4 25. Rxb4 a5 26. Rb3 Nxc4 27. Rxb8
Rxb8 28. Rc1 Nxa3 29. Rxc6 h6 30. Bxe5 Rb1+ 31. Kh2 Re1 32. Rc8+ Kh7 33. Bd3+
Bg6 34. Bxg6+ Kxg6 35. f4 a4 36. g4 h5 37. Kg3 hxg4 38. hxg4 Rg1+ 39. Kh3 Kf7
40. Rc7+ Ke6 41. Ra7 Nc2 42. Bxg7 Ne3 43. Rxa4 Kf7 44. Bd4 Rh1+ 45. Kg3 Nd5 46.
f5 Rf1 47. Ra7+ Kg8 48. Rg7+ Kf8 49. Rd7 Nf4 50. Be5 Ne2+ 51. Kh4 Ng1 52. Kg5
Nf3+ 53. Kf6 Ke8 54. Re7+ Kd8 55. Bc7+ Kc8 56. Bb6 Rb1 57. Be3 Rf1 58. g5 Nh4
59. Re5 Rf3 60. g6 Kd7 1-0